Every 100k+ City in Romania on a Map - Statistics

General Stats
  • This quiz has been taken 981 times
  • The average score is 14 of 20
Answers on the Map
Answers color-coded by a green-red scale on the quiz's map according to % correct below.
 
Answer Stats
Population City % Correct
1,883,425 Bucharest
99%
324,576 Cluj-Napoca
93%
283,872 Constanța
91%
290,422 Iași
88%
319,279 Timișoara
88%
253,200 Brașov
79%
249,432 Galați
73%
269,506 Craiova
71%
159,074 Arad
68%
196,367 Oradea
64%
209,945 Ploiești
63%
102,411 Satu Mare
61%
123,738 Baia Mare
59%
147,245 Sibiu
58%
180,302 Brăila
57%
144,307 Bacău
56%
155,383 Pitești
55%
134,290 Târgu Mureș
52%
115,494 Buzău
51%
106,847 Botoșani
50%
No matching quizzes found
Score Distribution
Percent of People with Each Score
Percentile by Number Answered
Your Score History
You have not taken this quiz